| 000 | 00427nam a2200169 a 4500 | ||
|---|---|---|---|
| 001 | 0000-9032 | ||
| 003 | ELIB.Books | ||
| 008 | 110520 1978 | ||
| 035 | _a(ELIB.Books)0000-9181 | ||
| 082 |
_a221.7 _bBal |
||
| 100 | _aBaldwin, Joyce G. | ||
| 245 | _aTyndale (Daniel) | ||
| 260 |
_bDowners Grove: Inter Varsity Press _c1978 |
||
| 650 | _aCommentaries | ||
| 942 |
_2ddc _cBK |
||
| 998 |
_cbat _e2011-05-20 |
||
| 999 |
_c9032 _d9032 |
||